[Event "SK Nürnberg 1911 e.V. 2-SF Fürth 1951 e."]
[Site "?"]
[Date "2013.02.11"]
[Round "7.5"]
[White "Körber, Christian"]
[Black "Ammon, Ronald"]
[Result "1/2-1/2"]
[WhiteElo "1736"]
[BlackElo "1747"]
[PlyCount "120"]
[EventDate "2013.??.??"]
[WhiteTeam "SF Fürth 1951 e.V. 2"]
[BlackTeam "SK Nürnberg 1911 e.V. 2"]

1. d4 Nf6 2. Nf3 g6 3. c4 Bg7 4. Nc3 d6 5. e4 O-O 6. g3 c5 7. Bg2 cxd4 8. Nxd4
Nbd7 9. O-O a6 10. b3 Rb8 11. Bb2 Nc5 12. Qd2 Qc7 13. Rac1 Bd7 14. Rfe1 Rfd8
15. h3 e5 16. Nc2 Be6 17. Nb4 a5 18. Nbd5 Bxd5 19. Nxd5 Nxd5 20. cxd5 b5 21. b4
axb4 22. Qxb4 Qb6 23. Bf1 Bh6 24. Rb1 Na6 25. Qb3 b4 26. Bxa6 Qxa6 27. Bc1 Bxc1
28. Rexc1 Rb6 29. a3 Rdb8 30. axb4 Rxb4 31. Qc2 Rxb1 32. Rxb1 Rc8 33. Qb3 Kf8
34. Qb4 Ke8 35. Qb5+ Qxb5 36. Rxb5 h6 37. Rb6 Kd7 38. Rb7+ Rc7 39. Rxc7+ Kxc7
40. Kg2 Kb6 41. Kf3 Kc5 42. Ke3 Kc4 43. g4 g5 44. Kd2 Kd4 45. f3 f6 46. Ke2 Kc3
47. Ke3 Kc2 48. Ke2 Kc1 49. Kd3 Kd1 50. Kc4 Ke2 51. Kb5 Kxf3 52. Kc6 Kxe4 53.
Kxd6 Kf4 54. Kc7 e4 55. d6 e3 56. d7 e2 57. d8=Q e1=Q 58. Qxf6+ Kg3 59. Qxh6
Qa5+ 60. Kd7 Qe5 1/2-1/2

[Event "SK Nürnberg 1911 e.V. 2-SF Fürth 1951 e."]
[Site "?"]
[Date "2013.02.11"]
[Round "7.6"]
[White "Zimmer, Frank"]
[Black "Hinzmann, Alexander"]
[Result "1/2-1/2"]
[WhiteElo "1848"]
[BlackElo "1673"]
[PlyCount "78"]
[EventDate "2013.??.??"]
[WhiteTeam "SK Nürnberg 1911 e.V. 2"]
[BlackTeam "SF Fürth 1951 e.V. 2"]

1. e4 c5 2. c3 d6 3. d4 cxd4 4. cxd4 Nf6 5. Nc3 e6 6. Nf3 Be7 7. Be2 O-O 8. O-O
b6 9. Re1 Bb7 10. Bf1 Nbd7 11. Bf4 a6 12. a4 Re8 13. h3 Bf8 14. Rc1 e5 15. dxe5
Nxe5 16. Bg5 h6 17. Bxf6 Qxf6 18. Nxe5 dxe5 19. Bc4 Bc5 20. Qf3 Qxf3 21. gxf3
Rad8 22. Nd5 Rd6 23. Nc7 Re7 24. Nxa6 Bxa6 25. Bxa6 Rd2 26. Re2 Rxe2 27. Bxe2
Rd7 28. Rd1 Bd4 29. b3 Rc7 30. Bc4 Rd7 31. Kf1 Kf8 32. Rd2 Ke7 33. Rc2 Bc5 34.
Bd5 Kf6 35. Kg2 Kg5 36. Kg3 f5 37. Be6 f4+ 38. Kg2 Rd6 39. Bd5 Kf6 1/2-1/2

[Event "SK Nürnberg 1911 e.V. 2-SF Fürth 1951 e."]
[Site "?"]
[Date "2013.02.11"]
[Round "7.7"]
[White "Sand, Peter"]
[Black "Leuschner, Günter"]
[Result "1/2-1/2"]
[WhiteElo "1800"]
[BlackElo "2029"]
[PlyCount "80"]
[EventDate "2013.??.??"]
[WhiteTeam "SF Fürth 1951 e.V. 2"]
[BlackTeam "SK Nürnberg 1911 e.V. 2"]

1. e4 d5 2. exd5 Qxd5 3. Nc3 Qa5 4. d4 c6 5. Nf3 Nf6 6. Bc4 Bg4 7. h3 Bf5 8.
O-O e6 9. Re1 Nd5 10. Ne4 Nd7 11. Bb3 N5f6 12. Ng3 Bg6 13. Qe2 Qd8 14. Nh4 Be7
15. Nxg6 hxg6 16. c4 O-O 17. Be3 Re8 18. Qf3 a6 19. Rad1 b5 20. Qxc6 bxc4 21.
Qxc4 Nb6 22. Qe2 a5 23. Bc2 Nbd5 24. Ba4 Rf8 25. Rc1 Qb6 26. Rc6 Qb4 27. Rc4
Qb7 28. Rec1 Rab8 29. b3 Bd6 30. Bc6 Qa7 31. Bxd5 Nxd5 32. Ne4 Ba3 33. R1c2
Rfd8 34. Ng5 Bb4 35. Qf3 Bd6 36. Bd2 Nf6 37. Rc6 a4 38. Ne4 Nxe4 39. Qxe4 axb3
40. axb3 Rxb3 1/2-1/2

[Event "SK Nürnberg 1911 e.V. 2-SF Fürth 1951 e."]
[Site "?"]
[Date "2013.02.11"]
[Round "7.8"]
[White "Hübl, Hans"]
[Black "Vinokur, Mykhaylo"]
[Result "1-0"]
[WhiteElo "1812"]
[BlackElo "1694"]
[PlyCount "77"]
[EventDate "2013.??.??"]
[WhiteTeam "SK Nürnberg 1911 e.V. 2"]
[BlackTeam "SF Fürth 1951 e.V. 2"]

1. d4 f5 2. c4 Nf6 3. Nc3 e6 4. Bg5 Be7 5. Nf3 O-O 6. e3 d6 7. Bd3 Nbd7 8. Qc2
Nh5 9. Bxe7 Qxe7 10. O-O-O c6 11. h3 g6 12. Nh2 e5 13. g4 Ng7 14. gxf5 Nxf5 15.
Ng4 Kh8 16. Bxf5 Rxf5 17. e4 Rf8 18. d5 c5 19. Qd2 a6 20. Kb1 Nf6 21. Nxf6 Qxf6
22. Rdf1 Qf4 23. Kc2 Bd7 24. f3 Rf7 25. Ne2 Qxd2+ 26. Kxd2 Raf8 27. Ke3 b5 28.
b3 b4 29. h4 a5 30. Rf2 Bg4 31. Rhf1 Bh3 32. Ra1 Bg4 33. Ng1 Bc8 34. a3 Ra7 35.
axb4 cxb4 36. Rfa2 Kg7 37. Ne2 Bd7 38. Rxa5 Rxa5 39. Rxa5 1-0

[Event "SC Ansbach 1855 e.V. 1-SC Bechhofen 1923"]
[Site "?"]
[Date "2013.02.10"]
[Round "7.1"]
[White "Sejdic, Enis"]
[Black "Pikal, Alexander"]
[Result "1-0"]
[WhiteElo "2145"]
[BlackElo "1904"]
[PlyCount "105"]
[EventDate "2013.??.??"]
[WhiteTeam "SC Bechhofen 1923 e.V. 2"]
[BlackTeam "SC Ansbach 1855 e.V. 1"]

1. e4 d6 2. Bc4 Nf6 3. d3 g6 4. Nf3 Bg7 5. c3 O-O 6. O-O Nc6 7. Bb3 a5 8. h3 b5
9. a3 a4 10. Bc2 Bb7 11. Bg5 Qd7 12. Nbd2 Ne5 13. Qe2 c5 14. Rfd1 Qc6 15. Rac1
Rac8 16. Re1 h6 17. Bf4 Nh5 18. Bh2 Nxf3+ 19. Nxf3 e5 20. Qe3 f5 21. Nh4 f4 22.
Qf3 Qe8 23. Qg4 Kh7 24. Bd1 Nf6 25. Qe2 Qc6 26. Bc2 Rc7 27. Bb1 Bc8 28. Qd2 Be6
29. Qe2 Ng8 30. Nf3 g5 31. Kh1 Bf6 32. Bg1 g4 33. hxg4 Bxg4 34. Nxe5 Bxe5 35.
Qxg4 Rg7 36. Qf3 Qb6 37. Rcd1 Kh8 38. Bh2 Rf6 39. Rg1 h5 40. Rd2 Rg4 41. Qh3
Rh6 42. f3 Rg5 43. Rgd1 Rhg6 44. d4 cxd4 45. cxd4 Bxd4 46. Rxd4 Rxg2 47. Qxg2
Rxg2 48. Kxg2 Qc7 49. Bxf4 Qg7+ 50. Kf2 h4 51. Bxd6 h3 52. Bg3 Nf6 53. e5 1-0

[Event "SC Ansbach 1855 e.V. 1-SC Bechhofen 1923"]
[Site "?"]
[Date "2013.02.10"]
[Round "7.2"]
[White "Witt, Alfred"]
[Black "Horstmann, Sven"]
[Result "0-1"]
[WhiteElo "1865"]
[BlackElo "2087"]
[PlyCount "66"]
[EventDate "2013.??.??"]
[WhiteTeam "SC Ansbach 1855 e.V. 1"]
[BlackTeam "SC Bechhofen 1923 e.V. 2"]

1. e4 e6 2. Nf3 d5 3. exd5 exd5 4. d4 Bg4 5. Bb5+ c6 6. Bd3 Bd6 7. O-O Ne7 8.
Re1 Qc7 9. h3 Bh5 10. Be3 Nd7 11. c4 dxc4 12. Bxc4 Nb6 13. Bd3 h6 $2 14. Nc3 f5
15. d5 Nbxd5 16. Nxd5 cxd5 17. Bxf5 O-O 18. Be6+ Kh8 19. g4 Bg6 20. Rc1 Qa5 21.
Bd4 Nc6 22. Bc3 Qb6 23. Nd4 Bc5 24. Nxc6 Bxf2+ 25. Kg2 Bxe1 26. Qxe1 Be4+ 27.
Kg3 Rf3+ 28. Kh4 bxc6 29. Qd2 Qd8+ 30. g5 Qd6 31. Bg4 Rd3 32. Qxd3 hxg5+ 33.
Kxg5 Qh6# 0-1

[Event "SC Ansbach 1855 e.V. 1-SC Bechhofen 1923"]
[Site "?"]
[Date "2013.02.10"]
[Round "7.3"]
[White "Sandner, Andreas"]
[Black "Margraf, Christoph"]
[Result "1-0"]
[WhiteElo "1815"]
[BlackElo "1931"]
[PlyCount "77"]
[EventDate "2013.??.??"]
[WhiteTeam "SC Bechhofen 1923 e.V. 2"]
[BlackTeam "SC Ansbach 1855 e.V. 1"]

1. e4 {[%emt 0:00:00]} e5 {[%emt 0:00:00]} 2. Nf3 Nc6 3. d4 exd4 4. Nxd4 Nf6 5.
Nc3 Bb4 6. Nxc6 bxc6 7. Bd3 h6 8. O-O d6 9. h3 O-O 10. Bd2 Re8 11. Re1 d5 12.
exd5 Rxe1+ 13. Qxe1 cxd5 14. Nxd5 Nxd5 15. Bxb4 Nxb4 16. Qxb4 Be6 17. Qe4 g6
18. b3 Bf5 19. Qe2 Bxd3 20. Qxd3 Qf6 21. Rd1 Re8 22. Qd4 Qf5 23. c4 c5 24. Qd5
Qc2 25. Qd2 Qf5 26. Qxh6 Qc2 27. Qd2 Qf5 28. Re1 Rxe1+ 29. Qxe1 Qc2 30. Qe8+
Kg7 31. Qe5+ Kg8 32. Qxc5 Qxa2 33. b4 a6 34. Kh2 Qb2 35. Qd6 Kg7 36. f4 Kg8 37.
Qxa6 Qxb4 38. Qc8+ Kg7 39. Qc7 1-0

[Event "SC Ansbach 1855 e.V. 1-SC Bechhofen 1923"]
[Site "?"]
[Date "2013.02.10"]
[Round "7.4"]
[White "Sommer, Dieter"]
[Black "Rieber, Rene"]
[Result "1/2-1/2"]
[WhiteElo "1690"]
[BlackElo "1944"]
[PlyCount "52"]
[EventDate "2013.??.??"]
[WhiteTeam "SC Ansbach 1855 e.V. 1"]
[BlackTeam "SC Bechhofen 1923 e.V. 2"]

1. Nf3 e6 2. d4 d5 3. c4 Nf6 4. Nc3 Bb4 5. Bd2 dxc4 6. e3 Bxc3 7. Bxc3 b5 8. a4
c6 9. Qc2 Qd5 10. Be2 Nbd7 11. O-O Bb7 12. Rfd1 Ne4 13. Nd2 Nxc3 14. bxc3 Nf6
15. Bf3 Qd7 16. Rdb1 Nd5 17. Ne4 O-O 18. Nc5 Qc8 19. axb5 cxb5 20. Rxb5 Bc6 21.
Rba5 Ne7 22. Be2 e5 23. Rxa7 Rxa7 24. Rxa7 Ng6 25. h3 Nh4 26. Bf1 Qxh3 1/2-1/2

[Event "SC Ansbach 1855 e.V. 1-SC Bechhofen 1923"]
[Site "?"]
[Date "2013.02.10"]
[Round "7.5"]
[White "Zimmermann, Arnulf"]
[Black "Riess, Michael"]
[Result "1-0"]
[WhiteElo "1916"]
[BlackElo "1527"]
[PlyCount "99"]
[EventDate "2013.??.??"]
[WhiteTeam "SC Bechhofen 1923 e.V. 2"]
[BlackTeam "SC Ansbach 1855 e.V. 1"]

1. e4 d5 2. Nc3 d4 3. Nce2 e5 4. d3 Be6 5. f4 exf4 6. Nxf4 Qd7 7. Nxe6 Qxe6 8.
Nf3 Nc6 9. Be2 Bb4+ 10. Bd2 Bxd2+ 11. Qxd2 O-O-O 12. O-O Qh6 13. Qe1 f6 14. Qf2
Nge7 15. c3 Qe3 16. Qxe3 dxe3 17. Nh4 Ne5 18. d4 N5g6 19. Bg4+ Kb8 20. Nxg6
hxg6 21. Rae1 Rhe8 22. Rxe3 g5 23. Rfe1 Nc6 24. Bd1 Re7 25. Ba4 Na5 26. b4 Nc4
27. R3e2 c6 28. Bb3 Nd6 29. Kf2 Kc7 30. e5 fxe5 31. Rxe5 Rxe5 32. Rxe5 Rf8+ 33.
Ke2 Re8 34. Rxe8 Nxe8 35. Bc2 b5 36. Ke3 Nf6 37. Bd3 Nd5+ 38. Kd2 Kd6 39. g3
Nf6 40. Be2 Ne4+ 41. Kd3 Nf6 42. Bd1 Kd5 43. h3 Kd6 44. Bf3 Kc7 45. c4 a6 46.
c5 Kd7 47. d5 cxd5 48. Kd4 Kc6 49. g4 Nd7 50. Bxd5+ 1-0

[Event "SC Ansbach 1855 e.V. 1-SC Bechhofen 1923"]
[Site "?"]
[Date "2013.02.10"]
[Round "7.6"]
[White "Lemke, Richard"]
[Black "Horstmann, Astrid"]
[Result "1/2-1/2"]
[WhiteElo "1408"]
[BlackElo "1949"]
[PlyCount "114"]
[EventDate "2013.??.??"]
[WhiteTeam "SC Ansbach 1855 e.V. 1"]
[BlackTeam "SC Bechhofen 1923 e.V. 2"]

1. d4 {[%emt 0:00:00]} d5 2. Nf3 a6 3. c4 dxc4 4. Nc3 b5 5. a4 b4 6. Na2 a5 7.
e4 Ba6 8. Ne5 Nf6 9. f3 e6 10. Bxc4 Bxc4 11. Nxc4 g6 12. O-O Bg7 13. Be3 O-O
14. Nc1 Nc6 15. Ne2 Nd7 16. Rc1 Ne7 17. b3 c6 18. Rc2 f6 19. Nf4 Kf7 20. Nd6+
Kg8 21. Nxe6 Qb8 22. Nxf8 Nxf8 23. Nc4 Qc7 24. Qc1 Qb7 25. Bf4 Ne6 26. Rd1 f5
27. e5 Nd5 28. Nd6 Qd7 29. Bg3 f4 30. Bf2 Ne7 31. Bh4 g5 32. Bf2 Rf8 33. Nc4
Ra8 34. Nb6 Qb7 35. Nxa8 Qxa8 36. d5 cxd5 37. Rxd5 Qxd5 38. Rc4 Qxe5 39. Re4
Qd5 40. Qe1 Kf7 41. Qb1 Nf5 42. Rc4 Ne3 43. Rc8 Qd7 44. Ra8 Nd4 45. Rxa5 Ne2+
46. Kh1 Nc3 47. Qe1 Ncd1 48. Bg1 Qd3 49. Rxg5 Bf6 50. Rb5 Qc2 51. Bxe3 Nxe3 52.
Qg1 Qd2 53. h3 Bd4 54. Rb7+ Ke6 55. Rxh7 Qd3 56. Rh6+ Ke7 57. Qc1 Bc3 1/2-1/2

[Event "SC Ansbach 1855 e.V. 1-SC Bechhofen 1923"]
[Site "?"]
[Date "2013.02.10"]
[Round "7.7"]
[White "Lechner, Hans-Dieter"]
[Black "Block, Bernhard"]
[Result "1-0"]
[WhiteElo "1825"]
[BlackElo "1760"]
[PlyCount "85"]
[EventDate "2013.??.??"]
[WhiteTeam "SC Bechhofen 1923 e.V. 2"]
[BlackTeam "SC Ansbach 1855 e.V. 1"]

1. e4 e6 2. d4 d5 3. Bd3 c5 4. c3 Nc6 5. Ne2 Qb6 6. O-O cxd4 7. cxd4 dxe4 8.
Bxe4 Nf6 9. Bf3 Be7 10. Nbc3 O-O 11. Rb1 a6 12. Be3 Qd8 13. Qd2 Nb4 14. Nf4
Nbd5 15. Nd3 Bd7 16. Ne5 Nxe3 17. fxe3 Rb8 18. b4 Qe8 19. e4 Bc6 20. a3 Rd8 21.
Qe3 Nd7 22. Nxc6 bxc6 23. e5 Nb6 24. Be2 Ra8 25. Qg3 Qd8 26. Rbd1 Nd5 27. Ne4
h6 28. Rd3 f5 29. exf6 Nxf6 30. Nc5 Bxc5 31. dxc5 Qe7 32. Rd6 Ne4 33. Qe5 Nxd6
34. cxd6 Rxf1+ 35. Bxf1 Qd7 36. Bc4 Re8 37. Kf1 Rf8+ 38. Ke2 Rf6 39. Qa5 Qxd6
40. g3 Rf5 41. Qxf5 Kh8 42. Qxe6 Qf8 43. Qf7 1-0

[Event "SC Ansbach 1855 e.V. 1-SC Bechhofen 1923"]
[Site "?"]
[Date "2013.02.10"]
[Round "7.8"]
[White "Ditt, Norbert"]
[Black "Christ, Helmut"]
[Result "1/2-1/2"]
[WhiteElo "1636"]
[BlackElo "1623"]
[PlyCount "104"]
[EventDate "2013.??.??"]
[WhiteTeam "SC Ansbach 1855 e.V. 1"]
[BlackTeam "SC Bechhofen 1923 e.V. 2"]

1. c4 {[%emt 0:00:00]} Nf6 2. Nf3 c6 3. Nc3 d5 4. cxd5 cxd5 5. d4 Nc6 6. g3 e6
7. Bg2 a6 8. O-O Bd6 9. a3 O-O 10. b4 Bd7 11. Re1 Rc8 12. Bb2 Re8 13. Rc1 Na7
14. Ne5 b5 15. Nxd7 Qxd7 16. Bh3 Qb7 17. Qd3 Bf8 18. Bg2 Red8 19. Bf3 Rc7 20.
g4 Kh8 21. g5 Ng8 22. e4 Ne7 23. Bg2 Nac8 24. Nd1 Rxc1 25. Bxc1 g6 26. Ne3 dxe4
27. Bxe4 Qd7 28. Rd1 Nb6 29. Bb2 Bg7 30. Ng4 Ned5 31. Qg3 Qd6 32. Qf3 Qe7 33.
h4 Nc4 34. Ba1 Ncb6 35. Rc1 Nc4 36. Bxd5 Rxd5 37. Rd1 Kg8 38. Ne3 Nxe3 39. fxe3
Qd8 40. Rc1 Qd7 41. Rc5 Kf8 42. Qe4 Qd6 43. Kg2 Kg8 44. Bc3 Bf8 45. Be1 Qd7 46.
Rc2 Qb7 47. Bg3 Qa8 48. Qf3 Qd8 49. Be5 Bg7 50. Rf2 Qe7 51. e4 Rd7 52. Bxg7
Kxg7 1/2-1/2